| 000 | 00627nam a2200241 a 4500 | ||
|---|---|---|---|
| 005 | 20140310183223.0 | ||
| 008 | 030923s19uu xx 00 eng d | ||
| 020 | _a0071202307 | ||
| 020 | _a0072314850 | ||
| 050 |
_aHB 172.5 _b.D67 2003 |
||
| 100 | _aDornbusch, Rudiger | ||
| 245 |
_aMacroeconomics / _cRudiger Dornbusch. |
||
| 250 | _a8th ed. | ||
| 260 |
_aBoston : _bMcGraw-Hill, _c2003. |
||
| 300 |
_a571 p. : _bill. ; _c23 cm. |
||
| 500 | _aIncludes Index | ||
| 521 | _aBSA | ||
| 650 | _aMacroeconomics | ||
| 700 | _aFischer, Stanley. | ||
| 700 | _a Startz, Richard. | ||
| 942 |
_cBK _2lcc _kFOR |
||
| 999 |
_c20350 _d20350 |
||